000 00693cab a2200253 4500
001 ABS58325
008 090401t1998 xxu||||| |||| 00| 0 eng d
035 _a(Sirsi) u84423
041 _aeng
100 _aMiddleton, K G
245 _aReform of UK competition law
260 _c1998
350 _a0
490 _aScots Law Times
_v1998 SLT (News) 47-52(6)
520 _aConsiders the new Competition Bill which is designed to bring UK competition law in line with EC law.
650 _aCOMPETITION BILL
650 _aCOMPETITION LAW
650 _aEC LAW
650 _aRESTRICTIVE PRACTICES
650 _aTREATY OF ROME
690 _aLAW
942 _n0
948 _c23/02/1998
999 _c53053
_d53053